Normal view
MARC view
- Supervisor: Prof. Ibrar Hussain
Entry Personal Name
001 - CONTROL NUMBER
- control field: 126086
003 - CONTROL NUMBER IDENTIFIER
- control field: NUST
005 - DATE AND TIME OF LATEST TRANSACTION
- control field: 20240925135527.0
008 - FIXED-LENGTH DATA ELEMENTS
- fixed length control field: 240925|| aca||aabn | a|a d
040 ## - CATALOGING SOURCE
- Original cataloging agency: NUST
- Transcribing agency: NUST
100 ## - HEADING--PERSONAL NAME
- Personal name: Supervisor: Prof. Ibrar Hussain
670 ## - SOURCE DATA FOUND
- Source citation: Work cat.: (NUST): Abbasi, Kamran Qadir 17118, Scattering of Gravitational Waves and their Energy/
